000 00637nam a2200193 a 4500
001 000036938
005 20200930080032.0
008 120207s1967 sp d 000 0 spa d
040 _aDO-SdBNP
_bspa
_cBNPHU
082 _axxx
_bF593e
100 1 _aFleck, George M.
_963337
240 1 0 _aEquilibria in Solution
_lespañol
245 1 0 _aEquilibrios en disolución /
_cGeorge M. Fleck ; version española José María Storch de García.
260 _aMadrid :
_bAlhambra,
_c1967.
300 _a286 p. :
_bdiagrs. ;
_c21 cm.
490 1 _aQuímica
_v6
700 1 _aStorch de García, José María,
_etr.
_963338
830 0 _aQuímica
_v6
_962322
999 _c36428
_d36428